| 000 | 00482nam a2200169Ia 4500 | ||
|---|---|---|---|
| 008 | 121211t1964 xxu||||| |||| 00| 0 sin d | ||
| 041 | _asin | ||
| 080 |
_a8S-31 _bJIN |
||
| 100 | _aJinadasa, A.T.C. | ||
| 245 | _aතිලකා හෙවත් නිර්භීත තරුණිය | ||
| 246 | _aThilaka Hewath Nirbeetha Tharuniya | ||
| 260 |
_bGunasena _aColombo _c1964 |
||
| 300 | _a235p., 18 cm | ||
| 942 | _cBK | ||
| 999 |
_c69638 _d69638 |
||
| 003 | LK-CoDNM | ||
| 040 |
_aLK-CoDNM _dLK-CoDNM _eLK-CoDNM |
||